Top 3 NBA 2K18 Players by College: Big 12 - Statistics

General Stats
  • This quiz has been taken 38 times
  • The average score is 6 of 19
Answer Stats
College Player Rating % Correct
Texas Kevin Durant 96
91%
Oklahoma Blake Griffin 87
63%
Kansas Joel Embiid 86
51%
Texas LaMarcus Aldridge 85
49%
Kansas Andrew Wiggins 86
46%
Oklahoma Buddy Hield 77
40%
Oklahoma State Marcus Smart 79
34%
Kansas Josh Jackson / Markieff Morris 78
29%
Texas Myles Turner 84
26%
Oklahoma State Tony Allen 78
23%
Baylor Pierre Jackson 73
20%
Kansas State Michael Beasley 75
14%
Baylor Taurean Prince 75
14%
Oklahoma State Jawun Evans 68
11%
Iowa State Abdel Nader 68
9%
Baylor Ekpe Udoh 74
9%
Kansas State Rodney McGruder 74
9%
Kansas State Wesley Iwundu 69
9%
Iowa State Justin Hamilton 72
6%
No matching quizzes found
Score Distribution
Percent of People with Each Score
Percentile by Number Answered
Your Score History
You have not taken this quiz